|
|
|
|
| LEADER |
00000nab a2200000uu 4500 |
| 001 |
vtls011525573 |
| 003 |
SK-MaSNL |
| 005 |
20260303181629.0 |
| 008 |
230704|1973 xo |||||||||||||||||slo| |
| 015 |
|
|
|a SNBRB
|
| 035 |
|
|
|a (urnnbn)urn:nbn:sk:snk:ar-008lxf
|
| 035 |
|
|
|a (uuid)491d32f8-0322-4c33-a52f-438de07010cd
|
| 035 |
|
|
|a urn:nbn:sk:snk-abecui
|
| 040 |
|
|
|a SNKBUCL
|b slo
|c SNKBUCL
|e AACR2
|
| 041 |
0 |
|
|a slo
|
| 044 |
|
|
|a xo
|c SK
|
| 100 |
1 |
|
|a Valcerová-Bacigálová, Anna,
|d 1948-
|4 aut
|9 102530
|
| 245 |
1 |
0 |
|a Oldřichová Vyhlídal: Svatá rodina
|c Hana Bacigálová
|
| 655 |
|
7 |
|a recenzie
|2 SNKPH
|9 21907
|
| 773 |
0 |
|
|t Slovenské pohľady
|g Roč. 89, č. 7 (1973), s. 139-140
|
| 850 |
|
|
|a Slovenská národná knižnica
|
| 852 |
|
|
|a Slovenská národná knižnica
|
| 954 |
|
|
|a odborná, vedecká literatúra pôvodná (slovenská)
|2 lita
|
| 958 |
|
|
|a OND
|
| 958 |
|
|
|a EUIPO
|
| 958 |
|
|
|a article21
|
| 999 |
|
|
|c 2113769
|d 2115699
|